Vojna na Ukrajine zasiahla aj náš pracovný trh
Pri vypuknutí konfliktu na Ukrajine panovali viaceré negatívne predpoklady a obavy, tie sa však nenaplnili. Ako vyzerá aktuálny pracovný trh - čo sa nepotvrdilo, v čom začína Slovensko výrazne zaostávať a aké to bude mať dosahy na celý náš trh a ekonomiku?
Na minha lista:
| Autor principal: | |
|---|---|
| Formato: | Capítulo de Livro |
| Idioma: | eslovaco |
| Assuntos: | |
| Tags: |
Sem tags, seja o primeiro a adicionar uma tag!
|
MARC
| LEADER | 00000naa a2200000 4500 | ||
|---|---|---|---|
| 001 | 0292170 | ||
| 005 | 20240417075234.2 | ||
| 041 | 0 | |a slo | |
| 044 | |a SK | ||
| 245 | 1 | 0 | |a Vojna na Ukrajine zasiahla aj náš pracovný trh |c Gabriela Alenová |
| 520 | |a Pri vypuknutí konfliktu na Ukrajine panovali viaceré negatívne predpoklady a obavy, tie sa však nenaplnili. Ako vyzerá aktuálny pracovný trh - čo sa nepotvrdilo, v čom začína Slovensko výrazne zaostávať a aké to bude mať dosahy na celý náš trh a ekonomiku? | ||
| 610 | 2 | 0 | |a vojny |
| 610 | 2 | 0 | |a trh práce |
| 610 | 2 | 0 | |a pracovníci zahraniční |
| 610 | 2 | 0 | |a sily pracovné |
| 610 | 2 | 0 | |a integrácia ekonomická medzinárodná |
| 610 | 2 | 0 | |a Ukrajina |
| 610 | 2 | 0 | |a Slovensko |
| 100 | 1 | |a Alenová, Gabriela | |